| 000 | 01256cam a2200373 a 4500 | ||
|---|---|---|---|
| 001 | 21421 | ||
| 003 | VRT | ||
| 005 | 20260302100956.0 | ||
| 008 | 240702s1993 xo a ar 0000j slo | ||
| 015 | _aSNBA1994/04 | ||
| 020 | _a8088684102 | ||
| 035 | _aSNK000017496 | ||
| 039 | 9 |
_a202407040851 _bmsnk24 _c202407021407 _dcsnk01 _c202407021352 _dVLOAD _c202407021352 _dVLOAD |
|
| 040 |
_aSNK _bslo _cSNK _eAACR2 |
||
| 041 | 0 | _aslo | |
| 044 |
_axo _cSK |
||
| 072 | 7 |
_a821.162.4-3 _xSlovenská próza _2konspekt |
|
| 072 | 7 |
_a821-93 _xLiteratúra pre deti a mládež (beletria) _2konspekt |
|
| 080 |
_a885.4-3(087.5) _21981 |
||
| 080 |
_a821.162.4-32 _22011 |
||
| 080 |
_a82-93-053.4/.5 _22011 |
||
| 100 | 1 |
_aBalák, Štefan, _d1944-2014 _4aut |
|
| 245 | 1 | 0 |
_aMoja obľúbená kniha o psíčkovi _cŠtefan Balák ; ilustroval R. Mazal |
| 260 |
_aBratislava _bPB-press _c1993 |
||
| 300 |
_a[20] s. _bilustrácie _c24 cm |
||
| 655 | 7 |
_aslovenské príbehy _2SNKPH |
|
| 655 | 7 |
_aliteratúra pre deti _2SNKPH |
|
| 700 | 1 |
_aMazal, R. _4ill |
|
| 942 |
_2ddc _cKLDE _n0 |
||
| 949 |
_617A0250136 _9P60, <05>, [BOOK], {605} _asnkSC 85533 D1 |
||
| 949 |
_617A0996279 _asnkSC 85533 |
||
| 999 |
_c21421 _d21421 |
||